000 00757nam a2200253Ia 4500
003 OSt
005 20220927105747.0
006 a|||||r|||| 00| 0
007 ta
008 220926b |||||||| |||| 00| 0 eng d
024 _a206863
037 _cReference Collections
040 _aRTL
_cRTL
_beng
041 _2eng
_aeng
082 _a"X0aT.275, Q3/GD"
100 _aWORLD BANK
110 _aWORLD BANK
245 0 _aStrategic reform roadmap for the technical and vocational education and training sector in West Bengal
260 _a"Washington,"
_b"D.C, World Bank, "
_c2013
300 _axiii;76p.
_ccm.
700 _aWORLD BANK
942 _h"X0aT.275, Q3/GD"
_cCC
999 _c694469
_d694469